Janes radar and electronic warfare system , 1995-96 (Record no. 574326)
[ view plain ]
| 000 -LEADER | |
|---|---|
| fixed length control field | 00730nam a22001817a 4500 |
| 003 - CONTROL NUMBER IDENTIFIER | |
| control field | CEME |
| 005 - DATE AND TIME OF LATEST TRANSACTION | |
| control field | 20210628203557.0 |
| 008 - FIXED-LENGTH DATA ELEMENTS--GENERAL INFORMATION | |
| fixed length control field | 210317b xxu||||| |||| 00| 0 eng d |
| 020 ## - INTERNATIONAL STANDARD BOOK NUMBER | |
| International Standard Book Number | 0-7106-1246-X |
| 040 ## - CATALOGING SOURCE | |
| Transcribing agency | . |
| 082 ## - DEWEY DECIMAL CLASSIFICATION NUMBER | |
| Classification number | 355-R JAN'B |
| 100 ## - MAIN ENTRY--PERSONAL NAME | |
| Personal name | Blake, Bernard |
| 9 (RLIN) | 61526 |
| 245 ## - TITLE STATEMENT | |
| Title | Janes radar and electronic warfare system , 1995-96 |
| 250 ## - EDITION STATEMENT | |
| Edition statement | 7TH |
| 260 ## - PUBLICATION, DISTRIBUTION, ETC. | |
| Place of publication, distribution, etc. | USA |
| Name of publisher, distributor, etc. | THOMSON |
| Date of publication, distribution, etc. | 1995 |
| 650 ## - SUBJECT ADDED ENTRY--TOPICAL TERM | |
| Topical term or geographic name entry element | BATTLEFIELD MISSILE CONTROL AND GROUND SURVEILLANCE RADAR SYSTEM NAVAL AND COASTAL SURVEILLANCE AND NAVIGATION RADARS IFF AND SECONDARY SURVRILLANCE RADAR SYSTEM SPACE BORNE RADAR SYSTEMS MILITARY ATC INSTRUMENTATION AND RANGING RADARS PASSIVE AIR DEFENCE SURVEILLANCE AND DETECTION SYSTEM |
| 9 (RLIN) | 66348 |
| 942 ## - ADDED ENTRY ELEMENTS (KOHA) | |
| Koha item type | Book |
| Source of classification or shelving scheme | |
| Withdrawn status | Lost status | Damaged status | Not for loan | Permanent Location | Current Location | Shelving location | Date acquired | Total Checkouts | Full call number | Barcode | Date last seen | Price effective from | Koha item type |
|---|---|---|---|---|---|---|---|---|---|---|---|---|---|
| College of Electrical & Mechanical Engineering (CEME) | College of Electrical & Mechanical Engineering (CEME) | Reference | 07/28/2017 | 355-R JAN'B | CEME-28619 | 06/28/2021 | 06/28/2021 | Book |
